Statistics for FIFA World Cup 2014 results

Click here to take the quiz!

General Stats

  • This quiz has been taken 194 times
  • The average score is 41 of 64

Answer Stats

Hint Answer % Correct
Group ABrazil - Croatia3-1
92%
Group BSpain - Netherlands1-5
86%
Group AMexico - Cameroon1-0
84%
FinalsGermany - Argentina1-0
82%
Semi-finalsBrazil - Germany1-7
78%
Group DEngland - Italy1-2
78%
Group CIvory Coast - Japan2-1
74%
Group BChile - Australia3-1
74%
Group GGermany - Portugal4-0
74%
Group CColombia - Greece3-0
72%
Group FArgentina - Bosnia and Herzegovina2-1
72%
Third PlaceBrazil - Netherlands0-3
71%
Semi-finalsNetherlands - Argentina0-0
71%
Round of 16Germany - Algeria2-1
70%
Round of 16Colombia - Uruguay2-0
68%
Round of 16Argentina - Switzerland1-0
68%
Round of 16Belgium - USA2-1
68%
Quater-finalsBrazil - Colombia2-1
68%
Quater-finalsArgentina - Belgium1-0
68%
Group DUruguay - Costa Rica1-3
68%
Group BSpain - Chile0-2
68%
Round of 16Brazil - Chile1-1
67%
Round of 16Netherlands - Mexico2-1
67%
Group DUruguay - England2-1
67%
Round of 16France - Nigeria2-0
66%
Quater-finalsNetherlands - Costa Rica0-0
66%
Group FArgentina - Iran1-0
66%
Group EFrance - Honduras3-0
66%
Group GGhana - USA1-2
66%
Round of 16Costa Rica - Greece1-1
66%
Group ESwitzerland - Ecuador2-1
65%
Group HBelgium - Algeria2-1
65%
Quater-finalsFrance - Germany0-1
65%
Group FIran - Nigeria0-0
64%
Group ABrazil - Mexico0-0
64%
Group DItaly - Costa Rica0-1
64%
Group BAustralia - Netherlands2-3
64%
Group DCosta Rica - England0-0
61%
Group BAustralia - Spain0-3
61%
Group ESwitzerland - France2-5
61%
Group HRussia - South Korea1-1
60%
Group GGermany - Ghana2-2
60%
Group DItaly - Uruguay0-1
59%
Group GUSA - Portugal2-2
59%
Group ACameroon - Brazil1-4
59%
Group HBelgium - Russia1-0
58%
Group ACameroon - Croatia0-4
58%
Group CColombia - Ivory Coast2-1
58%
Group CJapan - Greece0-0
58%
Group ACroatia - Mexico1-3
54%
Group FNigeria - Bosnia and Herzegovina1-0
54%
Group GUSA - Germany0-1
53%
Group CGreece - Ivory Coast2-1
53%
Group BNetherlands - Chile2-0
53%
Group EHonduras - Ecuador1-2
51%
Group FNigeria - Argentina2-3
51%
Group GPortugal - Ghana2-1
50%
Group CJapan - Colombia1-4
49%
Group EEcuador - France0-0
49%
Group EHonduras - Switzerland0-3
48%
Group HSouth Korea - Belgium0-1
47%
Group HAlgeria - Russia1-1
47%
Group HSouth Korea - Algeria2-4
46%
Group FBosnia and Herzegovina - Iran3-1
46%

Score Distribution

Percentile by Number Answered

Percent of People with Each Score

Your Score History

You have not taken this quiz